000 00495nam a2200193Ia 4500
005 20250326124852.0
008 250326s9999 xx 000 0 und d
037 _aTextbook
040 _aFMSL
_beng
_cFMSL
041 _aeng
_2eng
084 _aX:8D L2
_qFMSL
100 _aBierman H
_9319819
245 0 _aFicial accounting
_cBierman H; Drebin A R
250 _a2
260 _aNY
_bNY, Macmillan
_c1972
300 _a470p
942 _cTB
_hX:8D L2
999 _c1275569
_d1275569